Introductory microeconomic theory (Record no. 4105)

MARC details
000 -LEADER
fixed length control field 00512cam a2200193ua 4500
008 - FIXED-LENGTH DATA ELEMENTS--GENERAL INFORMATION
fixed length control field 111222n ii |||gr||||Z||||||eng
020 ## - INTERNATIONAL STANDARD BOOK NUMBER
International Standard Book Number 81-7596-325-5
040 ## - CATALOGING SOURCE
Transcribing agency MAIN
082 ## - DEWEY DECIMAL CLASSIFICATION NUMBER
Classification number 338.5
100 1# - MAIN ENTRY--PERSONAL NAME
Personal name Gulati, Ambika,
245 11 - TITLE STATEMENT
Title Introductory microeconomic theory
Statement of responsibility, etc. by Ambika Gulati
250 ## - EDITION STATEMENT
Edition statement 1st.
260 ## - PUBLICATION, DISTRIBUTION, ETC.
Place of publication, distribution, etc. New Delhi:
Name of publisher, distributor, etc. Foundation books pvt. ltd.,
Date of publication, distribution, etc. 2006.
300 ## - PHYSICAL DESCRIPTION
Extent 268p:
Other physical details ill;
Dimensions 25cm.
942 ## - ADDED ENTRY ELEMENTS (KOHA)
Koha item type Books
653 ## - INDEX TERM--UNCONTROLLED
Uncontrolled term Microeconomic
653 ## - INDEX TERM--UNCONTROLLED
Uncontrolled term Introductory microeconomic theory
Holdings
Withdrawn status Lost status Damaged status Not for loan Home library Current library Shelving location Date acquired Total Checkouts Full call number Barcode Date last seen Date last checked out Copy number Price effective from Koha item type
        Central Library, Naharkatiya College Central Library, Naharkatiya College General Stacks 19/09/2020 1 338.5 | GUL 19081 07/05/2022 27/04/2022 1 19/09/2020 Books

Naharkatiya College © 2020. All rights reserved.

Powered By